LEADER 01165nam0-22003851i-450- 001 990007502620403321 005 20100222121811.0 035 $a000750262 035 $aFED01000750262 035 $a(Aleph)000750262FED01 035 $a000750262 100 $a20030814d1951----km-y0itay50------ba 101 0 $afre 102 $aFR 105 $ay-------001yy 200 1 $aIntroduction a l'étude géographique de la population du monde$fPierre George 210 $aParis$cPresses Universitaires de France$d1951 215 $a285 p.$d25 cm 225 1 $aTravaux et documents$v14 300 $aIn testa al front.: Institut national d'études démographiques 610 0 $aPopolazione 676 $a304.6$v20$zita 676 $a040.007 700 1$aGeorge,$bPierre$f<1909-2006>$04827 801 0$aIT$bUNINA$gRICA$2UNIMARC 901 $aBK 912 $a990007502620403321 952 $aC-05-086$bIst.4724$fILFGE 952 $aXV L 169$b47081$fFGBC 952 $a040.007.GEO.02$b2289$fDECGE 959 $aILFGE 959 $aFGBC 959 $aDECGE 996 $aIntroduction a l'étude géographique de la population du monde$9676566 997 $aUNINA LEADER 01373nam2 2200313 i 450 001 VAN0053264 005 20240402023706.315 010 $a88-413-3568-8 010 $a978-88-413-3568-0 100 $a20060925d1992 |0itac50 ba 101 $aita 102 $aIT 105 $a|||| ||||| 200 0 $a1$fM. Picone, G. Fichera 210 $aMilano$cVeschi$d1992 215 $a587 p.$d24 cm 461 1$1001VAN0053168$12001 $aCorso di analisi matematica$fMauro Picone, Gaetano Fichera$1210 $aRoma$cVeschi$1215 $a2 volumi$d24 cm$v1 606 $a26-XX$xReal functions [MSC 2020]$3VANC019778$2MF 620 $dRoma$3VANL000360 700 1$aPicone$bMauro$3VANV038615$01611 701 1$aFichera$bGaetano$3VANV020661$0761 712 $aVeschi $3VANV108773$4650 801 $aIT$bSOL$c20240405$gRICA 912 $aVAN0053264 950 $aBIBLIOTECA DEL DIPARTIMENTO DI MATEMATICA E FISICA$d08CONS 26-XX 3285 $e08 1817 I a 20060925 950 $aBIBLIOTECA DEL DIPARTIMENTO DI MATEMATICA E FISICA$d08PREST 26-XX 3285 $e08 1818 I b 20060925 950 $aBIBLIOTECA DEL DIPARTIMENTO DI MATEMATICA E FISICA$d08PREST 26-XX 3285 $e08 1822 I c 20060925 996 $a1$93669879 997 $aUNICAMPANIA